[Event "Swiss Queens Wed #26"]
[Site "FIDE Online Arena INT"]
[Date "2024.07.25"]
[Round "9"]
[White "Hamdouchi, Adina Maria"]
[Black "Sriiyukthaa, Marksim Karki Abira"]
[Result "1-0"]
[WhiteElo "2165"]
[BlackElo "1484"]
[PlyCount "137"]
[EventDate "2024.07.25"]
[EventType "swiss (blitz)"]
[EventRounds "11"]
[EventCountry "NET"]
[SourceTitle "CBM 221 Extra"]
[Source "ChessBase"]
[SourceDate "2024.09.30"]
[SourceVersion "1"]
[SourceVersionDate "2024.09.30"]
[SourceQuality "1"]

1. d4 d5 2. g3 e6 3. Bg2 g6 4. Nf3 Bg7 5. 0-0 a6 6. c3 Ne7 7. Re1 0-0 8. Nbd2 Nbc6 9. e4 dxe4 10. Nxe4 b6 11. Bg5 Bb7 12. Nf6+ Kh8 13. Ne5 h6 14. Nxc6 Bxc6 15. Bxc6 hxg5 16. Bxa8 Bxf6 17. Bg2 Kg7 18. Qf3 Rh8 19. h3 Nf5 20. Rad1 Qg8 21. Qc6 Qd8 22. d5 Ne7 23. Qc4 b5 24. Qc5 exd5 25. Bxd5 Nxd5 26. Rxd5 Qc8 27. g4 Rxh3 28. Re4 Rh4 29. f3 Rh3 30. Kf2 Rh2+ 31. Ke3 Rxb2 32. a4 bxa4 33. Rxa4 Rb3 34. Rd3 Qe8+ 35. Re4 Qc8 36. Qc6 Qb8 37. Qxa6 Qb6+ 38. Qxb6 cxb6 39. Rb4 Rxb4 40. cxb4 Be7 41. Rd4 b5 42. Ke4 Kf6 43. Kd5 Kg7 44. Kc6 Bf6 45. Re4 Bc3 46. Kxb5 f5 47. Rc4 Be5 48. Kc6 fxg4 49. fxg4 Kf7 50. b5 Ke7 51. Re4 Ke6 52. b6 Kf6 53. Rxe5 Kxe5 54. b7 Kf4 55. b8Q+ Kxg4 56. Qe5 Kh4 57. Qf6 Kh5 58. Kd5 g4 59. Ke4 g3 60. Kf3 g5 61. Kxg3 g4 62. Qh4+ Kg6 63. Qxg4+ Kf6 64. Kf4 Ke7 65. Ke5 Kf7 66. Qf5+ Ke8 67. Qh7 Kd8 68. Kd6 Kc8 69. Qc7# 1-0

[Event "Swiss Queens Wed #26"]
[Site "FIDE Online Arena INT"]
[Date "2024.07.25"]
[Round "3"]
[White "Tarasenka, Aliaksandra"]
[Black "Hamdouchi, Adina Maria"]
[Result "1-0"]
[WhiteElo "1892"]
[BlackElo "2165"]
[PlyCount "65"]
[EventDate "2024.07.25"]
[EventType "swiss (blitz)"]
[EventRounds "11"]
[EventCountry "NET"]
[SourceTitle "CBM 221 Extra"]
[Source "ChessBase"]
[SourceDate "2024.09.30"]
[SourceVersion "1"]
[SourceVersionDate "2024.09.30"]
[SourceQuality "1"]

1. d4 d6 2. e4 Nf6 3. Nc3 g5 4. Bxg5 Bg7 5. e5 Nfd7 6. f4 h6 7. Bh4 dxe5 8. dxe5 c6 9. Bc4 0-0 10. Qf3 Nb6 11. Bd3 f5 12. 0-0-0 Be6 13. Bxf5 Bd5 14. Nxd5 cxd5 15. Qh5 Nc4 16. Qg6 Rxf5 17. Qxf5 Qb6 18. b3 Qe3+ 19. Kb1 Na3+ 20. Kb2 Nb5 21. Qd3 Qxf4 22. Qxd5+ Kh7 23. Qxb5 Nc6 24. Bg3 Bxe5+ 25. Kb1 Qg4 26. Nf3 Bf6 27. Qd3+ Kg7 28. Rhe1 Rc8 29. Ne5 Nxe5 30. Bxe5 Bxe5 31. Rxe5 e6 32. Qg3 Qxg3 33. hxg3 1-0

[Event "Vaujany op 15th"]
[Site "Vaujany"]
[Date "2024.07.14"]
[Round "4"]
[White "Adrian, Leopold"]
[Black "Hamdouchi, Adina Maria"]
[Result "1/2-1/2"]
[WhiteElo "2177"]
[BlackElo "2165"]
[PlyCount "44"]
[EventDate "2024.07.11"]
[EventType "swiss"]
[EventRounds "9"]
[EventCountry "FRA"]
[SourceTitle "EXT 2025"]
[Source "ChessBase"]
[SourceDate "2024.10.14"]
[SourceVersion "1"]
[SourceVersionDate "2024.10.14"]
[SourceQuality "1"]

1. Nf3 g6 2. c4 Bg7 3. d4 Nf6 4. g3 0-0 5. Bg2 d5 6. cxd5 Nxd5 7. 0-0 Nb6 8. Nc3 Nc6 9. Bf4 Nxd4 10. Nxd4 e5 11. Nc6 bxc6 12. Be3 Bd7 13. Rc1 Re8 14. b3 f5 15. Qd2 Qe7 16. Na4 e4 17. Bg5 Qf7 18. f3 Nxa4 19. bxa4 Qd5 20. fxe4 Qxd2 21. Bxd2 fxe4 22. Be3 a5 1/2-1/2

[Event "Mediterranean Flower (Women) 24th"]
[Site "Rijeka"]
[Date "2024.03.07"]
[Round "7"]
[White "Hamdouchi, Adina Maria"]
[Black "Hnatyshyn, Anastasiya"]
[Result "0-1"]
[WhiteElo "2213"]
[BlackElo "2178"]
[PlyCount "135"]
[EventDate "2024.03.03"]
[EventType "tourn"]
[EventRounds "9"]
[EventCountry "CRO"]
[SourceTitle "CBM 219 Extra"]
[Source "ChessBase"]
[SourceDate "2024.05.31"]
[SourceVersion "1"]
[SourceVersionDate "2024.05.31"]
[SourceQuality "1"]

1. c4 Nf6 2. Nf3 c6 3. Nc3 d5 4. e3 g6 5. d4 Bg7 6. Be2 0-0 7. 0-0 Nbd7 8. cxd5 Nxd5 9. Bd2 Nc7 10. e4 e5 11. Bg5 Qe8 12. dxe5 Nxe5 13. Qd6 Nxf3+ 14. Bxf3 Be5 15. Qd2 Ne6 16. Bh6 Ng7 17. Be2 Be6 18. f4 Bf6 19. Rad1 Qd8 20. Qc1 Qb6+ 21. Kh1 Rad8 22. Rde1 Qa5 23. e5 Be7 24. Ne4 Rd4 25. Nf6+ Kh8 26. Bxg7+ Kxg7 27. f5 Bxf5 28. Qe3 Qd2 29. Qg3 Be6 30. Nh5+ Kh8 31. Nf4 Bf5 32. b3 b5 33. Rd1 Qb2 34. Rxd4 Qxd4 35. Rd1 Qb2 36. h3 Rd8 37. Rxd8+ Bxd8 38. Bd3 Qc1+ 39. Kh2 Bxd3 40. Nxd3 Qc3 41. Qf3 Kg8 42. Qe4 Bc7 43. Kg1 Bb6+ 44. Kh2 Qd4 45. Qxd4 Bxd4 46. b4 f5 47. exf6 Bxf6 48. Kg3 Kf7 49. Kf4 Ke6 50. Ke4 Kd6 51. Nc5 Bc3 52. Nd3 a5 53. bxa5 Bxa5 54. g4 Bc3 55. h4 c5 56. h5 gxh5 57. gxh5 h6 58. Nf4 c4 59. Nd5 Bb2 60. Ne3 Kc5 61. Nc2 b4 62. Ne3 Bc1 63. Nd1 Bg5 64. Nb2 Kb5 65. Nd1 Bf6 66. Ne3 Kc5 67. Nd1 Bd4 68. Kf3 0-1

[Event "Titled Tuesday intern op 06th Feb Early"]
[Site "Chess.com INT"]
[Date "2024.02.06"]
[Round "10"]
[White "Murthy, Pappu LN"]
[Black "Hamdouchi, Adina Maria"]
[Result "1/2-1/2"]
[WhiteElo "1821"]
[BlackElo "2213"]
[PlyCount "119"]
[EventDate "2024.02.06"]
[EventType "swiss (blitz)"]
[EventRounds "11"]
[EventCountry "USA"]
[SourceTitle "CBM 218 Extra"]
[Source "ChessBase"]
[SourceDate "2024.03.31"]
[SourceVersion "1"]
[SourceVersionDate "2024.03.31"]
[SourceQuality "1"]

1. e4 e6 2. d4 d5 3. exd5 exd5 4. Bd3 Bd6 5. Nf3 Ne7 6. 0-0 c6 7. h3 h6 8. c3 Be6 9. Be3 Nd7 10. Re1 Qc7 11. Na3 0-0-0 12. Rc1 g5 13. c4 g4 14. hxg4 Bxa3 15. bxa3 Bxg4 16. cxd5 Nxd5 17. Be4 N7f6 18. Qd3 Nxe3 19. fxe3 Be6 20. Ne5 Nxe4 21. Qxe4 Rhg8 22. Nxc6 Bd5 23. Qxd5 Rxd5 24. Ne7+ Kd7 25. Rxc7+ Kxc7 26. Nxd5+ Kd6 27. Nf4 Rc8 28. Re2 Rc3 29. Kf2 Rxa3 30. g4 b5 31. Nh5 a5 32. Nf6 Ke6 33. Ne4 b4 34. Nc5+ Kd5 35. Kf3 Rc3 36. Nd3 f6 37. Kf4 Rxd3 38. Kf5 a4 39. Kxf6 b3 40. axb3 axb3 41. Kg6 Ke4 42. Kxh6 Rxe3 43. Rb2 Kxd4 44. g5 Kc3 45. Rg2 b2 46. Rg1 Kc2 47. g6 b1Q 48. Rxb1 Kxb1 49. Kh7 Rh3+ 50. Kg8 Kc2 51. g7 Kd3 52. Kf8 Rf3+ 53. Ke7 Rg3 54. Kf7 Rf3+ 55. Ke6 Rg3 56. Kf6 Rf3+ 57. Ke7 Rg3 58. Kf8 Ke4 59. g8Q Rxg8+ 60. Kxg8 1/2-1/2

[Event "Europe Echecs online op April"]
[Site "Europe Echecs INT"]
[Date "2020.04.11"]
[Round "8"]
[White "Bailet, Pierre"]
[Black "Hamdouchi, Adina Maria"]
[Result "0-1"]
[WhiteElo "2520"]
[BlackElo "2208"]
[PlyCount "67"]
[EventDate "2020.04.11"]
[EventType "swiss (blitz)"]
[EventRounds "11"]
[EventCountry "FRA"]
[SourceTitle "EXT 2021"]
[Source "ChessBase"]
[SourceDate "2020.10.23"]
[SourceVersion "1"]
[SourceVersionDate "2020.10.23"]
[SourceQuality "1"]

1. e4 g6 2. d4 Bg7 3. Nf3 d6 4. Bc4 Nf6 5. Qe2 0-0 6. e5 dxe5 7. dxe5 Nd5 8. h3 Nc6 9. 0-0 Nb6 10. Bb3 Na5 11. Nc3 Nxb3 12. axb3 h6 13. Be3 Be6 14. Nd4 Bd7 15. f4 e6 16. Rad1 Qe7 17. Ne4 Nd5 18. Bc1 c5 19. Nf3 Bc6 20. c4 Nb4 21. Be3 Bxe4 22. Rd6 b6 23. Rfd1 Rad8 24. Bf2 Bxf3 25. Qxf3 g5 26. Qh5 f5 27. fxg5 Rxd6 28. exd6 Qxg5 29. Qf3 Nc2 30. d7 Nd4 31. Qb7 f4 32. Kf1 Rd8 33. b4 Qe5 34. bxc5 0-1

[Event "Europe Echecs online op April"]
[Site "Europe Echecs INT"]
[Date "2020.04.11"]
[Round "9"]
[White "Hamdouchi, Adina Maria"]
[Black "Migot, Tangi"]
[Result "0-1"]
[WhiteElo "2208"]
[BlackElo "2403"]
[PlyCount "108"]
[EventDate "2020.04.11"]
[EventType "swiss (blitz)"]
[EventRounds "11"]
[EventCountry "FRA"]
[SourceTitle "EXT 2021"]
[Source "ChessBase"]
[SourceDate "2020.10.23"]
[SourceVersion "1"]
[SourceVersionDate "2020.10.23"]
[SourceQuality "1"]

1. d4 Nf6 2. Bf4 d5 3. e3 c5 4. c3 Nc6 5. Nf3 Qb6 6. Qc1 Bf5 7. Nbd2 e6 8. Be2 h6 9. h3 Be7 10. 0-0 0-0 11. Ne5 Nxe5 12. Bxe5 Rac8 13. dxc5 Qxc5 14. Nb3 Qb6 15. Nd4 Bg6 16. a4 Nd7 17. a5 Qd8 18. Bg3 a6 19. Nf3 Nc5 20. Nd4 Bf6 21. Qd1 Qe7 22. b4 Ne4 23. c4 dxc4 24. Bh5 Bxh5 25. Qxh5 Nxg3 26. fxg3 Bxd4 27. exd4 Qg5 28. Qf3 c3 29. Rac1 c2 30. Qd3 Rfd8 31. Rxc2 Rxc2 32. Qxc2 Qxg3 33. Qe4 Rd5 34. Rf3 Qd6 35. Rc3 g6 36. Rc4 Kg7 37. h4 h5 38. Qe3 Qd8 39. g3 Qd7 40. Kh2 Qa4 41. Kh3 Qd1 42. Kg2 Qb1 43. Qf2 Rf5 44. Qe2 Qb3 45. Kh3 Rb5 46. Rc7 Qxb4 47. Qf3 Rf5 48. Qxb7 Qxd4 49. Rd7 Qg1 50. Qb2+ Kh7 51. Rd8 Qh1+ 52. Qh2 Qxh2+ 53. Kxh2 Rxa5 54. Rd7 Kg7 0-1

[Event "Europe Echecs online op April"]
[Site "Europe Echecs INT"]
[Date "2020.04.11"]
[Round "7"]
[White "Hamdouchi, Adina Maria"]
[Black "Roux, Baptiste"]
[Result "1-0"]
[WhiteElo "2208"]
[BlackElo "2145"]
[PlyCount "125"]
[EventDate "2020.04.11"]
[EventType "swiss (blitz)"]
[EventRounds "11"]
[EventCountry "FRA"]
[SourceTitle "EXT 2021"]
[Source "ChessBase"]
[SourceDate "2020.10.23"]
[SourceVersion "1"]
[SourceVersionDate "2020.10.23"]
[SourceQuality "1"]

1. d4 d5 2. Bf4 Nf6 3. e3 e6 4. Nf3 Bd6 5. Bg3 0-0 6. Bd3 c5 7. c3 Qc7 8. Nbd2 Nbd7 9. Qe2 e5 10. dxe5 Nxe5 11. Nxe5 Bxe5 12. Nf3 Bxg3 13. hxg3 h6 14. 0-0-0 Qa5 15. Kb1 b5 16. Bc2 Rb8 17. Ne5 Rb6 18. g4 b4 19. cxb4 Qxb4 20. Nd3 Qxg4 21. f3 Qc4 22. Rc1 Qb5 23. b3 c4 24. Nf4 cxb3 25. Bxb3 Bf5+ 26. Ka1 Qa5 27. Qb2 Rfb8 28. Rc3 Qb4 29. g4 Bh7 30. Rhc1 a5 31. Rc8+ Ne8 32. Nxd5 Rxc8 33. Nxb4 Rxc1+ 34. Qxc1 Rxb4 35. Qc8 Kf8 36. Qd7 Bg6 37. f4 a4 38. f5 axb3 39. fxg6 b2+ 40. Kb1 fxg6 41. Qc6 Rxg4 42. Kxb2 Nf6 43. Qd6+ Kg8 44. a3 h5 45. Qe6+ Kh7 46. Kc3 Re4 47. Qh3 Nd5+ 48. Kd3 Rxe3+ 49. Qxe3 Nxe3 50. Kxe3 h4 51. a4 h3 52. Kf2 g5 53. a5 g4 54. a6 Kh6 55. a7 Kh5 56. a8Q g6 57. Qd5+ Kh4 58. Qd8+ Kh5 59. Qh8+ Kg5 60. Kg3 Kf5 61. Qh4 g5 62. Qxg4+ Kg6 63. Kxh3 1-0

[Event "Europe Echecs online op April"]
[Site "Europe Echecs INT"]
[Date "2020.04.11"]
[Round "4"]
[White "Shoker, Samy"]
[Black "Hamdouchi, Adina Maria"]
[Result "1-0"]
[WhiteElo "2529"]
[BlackElo "2208"]
[PlyCount "87"]
[EventDate "2020.04.11"]
[EventType "swiss (blitz)"]
[EventRounds "11"]
[EventCountry "FRA"]
[SourceTitle "EXT 2021"]
[Source "ChessBase"]
[SourceDate "2020.10.23"]
[SourceVersion "1"]
[SourceVersionDate "2020.10.23"]
[SourceQuality "1"]

1. Nf3 g6 2. g3 Bg7 3. Bg2 e5 4. d3 d6 5. c4 f5 6. Nc3 Nf6 7. 0-0 h6 8. Rb1 0-0 9. b4 Nc6 10. b5 Ne7 11. c5 g5 12. Qb3+ Kh8 13. Ba3 g4 14. Nh4 f4 15. cxd6 cxd6 16. Qb4 Ne8 17. Ne4 a5 18. bxa6 Rxa6 19. Rfc1 fxg3 20. hxg3 Kh7 21. Qb3 Nc6 22. e3 Bf6 23. Nxf6+ Qxf6 24. Rc2 Ng7 25. Bb2 Na5 26. Qb4 Nc6 27. Qb3 Ne6 28. d4 Ng5 29. dxe5 Nxe5 30. Bxe5 Qxe5 31. Rxc8 Rf7 32. Qd3+ Kg7 33. Qc3 Rxa2 34. Qxe5+ dxe5 35. Rf1 Nh3+ 36. Bxh3 gxh3 37. Re8 b5 38. Rxe5 b4 39. Rb5 Rb2 40. Kh2 Rfxf2+ 41. Rxf2 Rxf2+ 42. Kxh3 Re2 43. Rxb4 Rxe3 44. Nf5+ 1-0

[Event "FRA-chT Top 12 (Women) GpB"]
[Site "Rungis"]
[Date "2018.05.08"]
[Round "5.3"]
[White "Haussernot, Cecile"]
[Black "Hamdouchi, Adina Maria"]
[Result "1/2-1/2"]
[WhiteElo "2189"]
[BlackElo "2218"]
[PlyCount "58"]
[EventDate "2018.05.05"]
[EventType "team-tourn"]
[EventRounds "5"]
[EventCountry "FRA"]
[SourceTitle "CBM 184 Extra"]
[Source "ChessBase"]
[SourceDate "2018.06.28"]
[SourceVersion "1"]
[SourceVersionDate "2018.06.28"]
[SourceQuality "1"]
[WhiteTeam "Mulhouse Philidor (W)"]
[BlackTeam "Clichy Echecs 92 (W)"]
[WhiteTeamCountry "FRA"]
[BlackTeamCountry "FRA"]

1. e4 c5 2. Nf3 g6 3. c3 d5 4. e5 Nc6 5. d4 Bg7 6. Bb5 Nh6 7. dxc5 0-0 8. h3 f6 9. Bxc6 bxc6 10. Nd4 e6 11. Qe2 fxe5 12. Nxc6 Qc7 13. Nxe5 Qxc5 14. Be3 Qd6 15. Nd3 Re8 16. Qd2 Nf5 17. Bc5 Qc7 18. 0-0 Ba6 19. b4 e5 20. Rd1 Rad8 21. Na3 Bh6 22. Qc2 e4 23. Ne1 Bg7 24. Rac1 Bh6 25. Rb1 e3 26. Qa4 Qf4 27. Rb2 Re6 28. Qa5 Rde8 29. Nf3 d4 1/2-1/2

[Event "FRA-chT Top 12 (Women) GpA"]
[Site "Mulhouse"]
[Date "2017.05.07"]
[Round "3.1"]
[White "Hamdouchi, Adina Maria"]
[Black "Penalver, Marion"]
[Result "1-0"]
[WhiteElo "2223"]
[BlackElo "1997"]
[PlyCount "117"]
[EventDate "2017.05.05"]
[EventType "team-tourn"]
[EventRounds "5"]
[EventCountry "FRA"]
[SourceTitle "CBM 178 Extra"]
[Source "ChessBase"]
[SourceDate "2017.06.22"]
[SourceVersion "1"]
[SourceVersionDate "2017.06.22"]
[SourceQuality "1"]
[WhiteTeam "Montpellier (W)"]
[BlackTeam "Vaucluse (W)"]
[WhiteTeamCountry "FRA"]
[BlackTeamCountry "FRA"]

1. Nf3 Nf6 2. g3 b6 3. Bg2 Bb7 4. 0-0 e6 5. d3 Be7 6. Nbd2 0-0 7. e4 d6 8. b3 c5 9. Bb2 Nc6 10. Re1 Nd7 11. Nc4 Qc7 12. Ne3 Bf6 13. c3 b5 14. d4 b4 15. cxb4 cxd4 16. Nxd4 Nxd4 17. Bxd4 e5 18. Rc1 Qd8 19. Bc3 Nb6 20. a4 Be7 21. Qd3 Re8 22. Rcd1 Bf8 23. a5 Nc8 24. Nc4 Qc7 25. b5 Rb8 26. Ne3 Ba8 27. Rc1 Qd7 28. Bf1 Rd8 29. Red1 Qe6 30. Qc2 Ne7 31. Bc4 Qg6 32. f3 Qh5 33. Qe2 Kh8 34. Nd5 f5 35. exf5 Qxf5 36. Qe4 Qxe4 37. fxe4 Bxd5 38. exd5 Rdc8 39. Rf1 Kg8 40. Bb4 Rd8 41. Rc2 g6 42. g4 Bh6 43. Re2 Bg5 44. Kg2 Kg7 45. Kg3 Bf4+ 46. Rxf4 exf4+ 47. Kxf4 Rb7 48. Re6 Rbd7 49. Bxd6 Nxd5+ 50. Bxd5 Rxd6 51. Rxd6 Rxd6 52. Ke5 Rd8 53. b6 axb6 54. axb6 h5 55. gxh5 gxh5 56. b7 h4 57. Be6 Re8 58. Kd6 Kf6 59. Bc8 1-0

[Event "FRA-chT Top 12 (Women) GpA"]
[Site "Mulhouse"]
[Date "2017.05.06"]
[Round "2.1"]
[White "Nicoara, Malina"]
[Black "Hamdouchi, Adina Maria"]
[Result "1/2-1/2"]
[WhiteElo "2099"]
[BlackElo "2223"]
[PlyCount "133"]
[EventDate "2017.05.05"]
[EventType "team-tourn"]
[EventRounds "5"]
[EventCountry "FRA"]
[SourceTitle "CBM 178 Extra"]
[Source "ChessBase"]
[SourceDate "2017.06.22"]
[SourceVersion "1"]
[SourceVersionDate "2017.06.22"]
[SourceQuality "1"]
[WhiteTeam "Strasbourg (W)"]
[BlackTeam "Montpellier (W)"]
[WhiteTeamCountry "FRA"]
[BlackTeamCountry "FRA"]

1. d4 Nf6 2. c4 g6 3. Nc3 Bg7 4. e4 d6 5. f3 0-0 6. Be3 e5 7. Nge2 exd4 8. Nxd4 Re8 9. Qd2 Nc6 10. Rd1 Nd7 11. Be2 Nde5 12. 0-0 a6 13. Nxc6 Nxc6 14. Nd5 Be6 15. Bg5 f6 16. Bh4 Ne5 17. f4 Nf7 18. f5 Bxd5 19. exd5 Qe7 20. Bd3 Bh6 21. Qc3 Be3+ 22. Bf2 Bxf2+ 23. Rxf2 Ne5 24. fxg6 hxg6 25. Rdf1 Rf8 26. Be2 f5 27. Qg3 Qg7 28. b3 Rae8 29. h4 Rf6 30. Bd1 Nf7 31. Rf4 Re5 32. b4 Nh6 33. c5 Qe7 34. h5 Kg7 35. cxd6 Rxd6 36. Qc3 Rf6 37. hxg6 Re3 38. Qc5 Kxg6 39. Rh4 Rd6 40. Qd4 Qe5 41. Qxe5 Rxe5 42. Bf3 Nf7 43. Rc4 Rd7 44. Rfc1 Ree7 45. b5 axb5 46. Rc5 Nd6 47. Kf2 Kf6 48. g3 Rh7 49. Kg2 Rde7 50. g4 fxg4 51. Bxg4 Rhg7 52. Kf3 Nc4 53. Be6 Ke5 54. Rxb5 Nd6 55. Rb4 Kf6 56. Rf4+ Kg5 57. Rg1+ Kh5 58. Rh1+ Kg5 59. Rg1+ Kh5 60. Rh1+ Kg5 61. Rg4+ Kf6 62. Rh6+ Ke5 63. Rh5+ Kf6 64. Rh6+ Ke5 65. Rh5+ Kf6 66. Rf4+ Kg6 67. Kg4 1/2-1/2

[Event "FRA-chT Top 12 (Women) GpA"]
[Site "Mulhouse"]
[Date "2017.05.05"]
[Round "1.1"]
[White "Hamdouchi, Adina Maria"]
[Black "Leconte, Maria"]
[Result "1/2-1/2"]
[WhiteElo "2223"]
[BlackElo "2174"]
[PlyCount "80"]
[EventDate "2017.05.05"]
[EventType "team-tourn"]
[EventRounds "5"]
[EventCountry "FRA"]
[SourceTitle "CBM 178 Extra"]
[Source "ChessBase"]
[SourceDate "2017.06.22"]
[SourceVersion "1"]
[SourceVersionDate "2017.06.22"]
[SourceQuality "1"]
[WhiteTeam "Montpellier (W)"]
[BlackTeam "Saint Quentin (W)"]
[WhiteTeamCountry "FRA"]
[BlackTeamCountry "FRA"]

1. Nf3 d5 2. g3 c5 3. Bg2 Nc6 4. d4 e6 5. 0-0 Nf6 6. c4 Be7 7. cxd5 exd5 8. Nc3 0-0 9. Bg5 cxd4 10. Nxd4 h6 11. Be3 Bg4 12. Qb3 Na5 13. Qc2 Nc4 14. Bf4 Rc8 15. h3 Bh5 16. Rad1 Bb4 17. Qb3 Bxc3 18. bxc3 Qd7 19. g4 Bg6 20. Qb5 Rfd8 21. Qxd7 Rxd7 22. Nf5 Bxf5 23. gxf5 Re8 24. e3 Ne4 25. Bxe4 Rxe4 26. Rd3 Nb6 27. Rfd1 Kf8 28. Rd4 Ke7 29. f3 Rxd4 30. Rxd4 Kf6 31. e4 g5 32. fxg6 fxg6 33. Kf2 g5 34. Bb8 a6 35. Ba7 Nc8 36. Bb8 Ke6 37. f4 gxf4 38. exd5+ Rxd5 39. Rxd5 Kxd5 40. Bxf4 Ke4 1/2-1/2

[Event "FRA-chT Top 12 (Women) GpA"]
[Site "Mulhouse"]
[Date "2016.05.07"]
[Round "4.3"]
[White "Hamdouchi, Adina Maria"]
[Black "Sommer, Hannah"]
[Result "1-0"]
[WhiteElo "2209"]
[BlackElo "1784"]
[PlyCount "55"]
[EventDate "2016.05.05"]
[EventType "team-tourn"]
[EventRounds "5"]
[EventCountry "FRA"]
[SourceTitle "CBM 172 Extra"]
[Source "ChessBase"]
[SourceDate "2016.06.21"]
[SourceVersion "1"]
[SourceVersionDate "2016.06.21"]
[SourceQuality "1"]
[WhiteTeam "Montpellier (W)"]
[BlackTeam "Poitiers Migne (W)"]
[WhiteTeamCountry "FRA"]
[BlackTeamCountry "FRA"]

1. d4 Nf6 2. Nf3 b6 3. Bf4 Bb7 4. e3 e6 5. Bd3 Be7 6. h3 0-0 7. 0-0 d6 8. c4 Nbd7 9. Nc3 a6 10. e4 c5 11. e5 dxe5 12. dxe5 Ne8 13. Be4 Qc7 14. Qe2 Rd8 15. Rad1 g6 16. Bxb7 Qxb7 17. Ne4 Ng7 18. Rd2 Qc7 19. Rfd1 Nb8 20. Nf6+ Kh8 21. Rxd8 Rxd8 22. Ng5 Rxd1+ 23. Qxd1 Bf8 24. Ngxh7 Qc8 25. Nxf8 Qxf8 26. Qg4 Nf5 27. Qg5 Qg7 28. g4 1-0

[Event "FRA-chT Top 12 final (Women)"]
[Site "Nice"]
[Date "2014.06.29"]
[Round "1.3"]
[White "Roumegous, Marina"]
[Black "Hamdouchi, Adina Maria"]
[Result "0-1"]
[WhiteElo "2123"]
[BlackElo "2200"]
[PlyCount "120"]
[EventDate "2014.06.28"]
[EventType "team-match"]
[EventRounds "2"]
[EventCountry "FRA"]
[SourceTitle "CBM 161 Extra"]
[Source "ChessBase"]
[SourceDate "2014.08.29"]
[SourceVersion "1"]
[SourceVersionDate "2014.08.29"]
[SourceQuality "1"]
[WhiteTeam "Annemasse (W)"]
[BlackTeam "Montpellier (W)"]
[WhiteTeamCountry "FRA"]
[BlackTeamCountry "FRA"]

1. Nf3 g6 2. g3 Bg7 3. d4 d6 4. Bg2 f5 5. c3 Nf6 6. Qb3 e6 7. Nbd2 0-0 8. 0-0 Nc6 9. a4 Rb8 10. Ne1 Bd7 11. Nd3 Kh8 12. Nc4 Qe7 13. Qa3 Qf7 14. b3 Ne4 15. Bb2 g5 16. f3 Nf6 17. e4 f4 18. gxf4 gxf4 19. Rae1 Nh5 20. Rf2 Rg8 21. Nd2 Bf6 22. Rd1 e5 23. dxe5 dxe5 24. Nf1 Bh3 25. Ne1 Bh4 26. Rdd2 Bxf2+ 27. Rxf2 Rg6 28. Qa2 Rbg8 29. Ba3 Ng7 30. Kh1 Ne6 31. b4 Bxg2+ 32. Rxg2 Rxg2 33. Nxg2 Ng5 34. Qxf7 Nxf7 35. b5 Na5 36. Be7 Re8 37. Bf6+ Kg8 38. Kg1 Re6 39. Bh4 Rd6 40. Be7 Rd3 41. Bb4 Nc4 42. Kf2 Ng5 43. Ne1 Rd7 44. Ke2 a5 45. bxa6 bxa6 46. a5 Ne6 47. Nd3 Rg7 48. Bc5 Nxa5 49. Bf2 Nc4 50. Nd2 Nxd2 51. Kxd2 Rg2 52. Ke1 a5 53. Nxe5 a4 54. Nc4 Ng5 55. Kf1 Rxh2 56. Ke1 Nxf3+ 57. Kf1 Ng5 58. e5 Kf7 59. Bc5 Ne4 60. Bb4 f3 0-1

[Event "FRA-chT Top 12 (Women)"]
[Site "Mulhouse"]
[Date "2014.05.11"]
[Round "5.3"]
[White "Hamdouchi, Adina Maria"]
[Black "Fischer, Julie"]
[Result "1-0"]
[WhiteElo "2176"]
[BlackElo "1968"]
[PlyCount "113"]
[EventDate "2014.05.09"]
[EventType "team-tourn"]
[EventRounds "5"]
[EventCountry "FRA"]
[SourceTitle "CBM 160 Extra"]
[Source "ChessBase"]
[SourceDate "2014.07.01"]
[SourceVersion "1"]
[SourceVersionDate "2014.07.01"]
[SourceQuality "1"]
[WhiteTeam "Montpellier (W)"]
[BlackTeam "Bischwiller (W)"]
[WhiteTeamCountry "FRA"]
[BlackTeamCountry "FRA"]

1. Nf3 Nf6 2. g3 g6 3. b3 Bg7 4. Bb2 c5 5. Bg2 Nc6 6. 0-0 0-0 7. c4 d6 8. d4 cxd4 9. Nxd4 Bd7 10. Nc3 Qb6 11. e3 a6 12. h3 Rac8 13. Rc1 Qa7 14. Na4 Ne5 15. Nc3 Nc6 16. Re1 Rfe8 17. Kh2 Nxd4 18. exd4 e5 19. Ne2 b5 20. Kg1 Bc6 21. Bxc6 Rxc6 22. dxe5 dxe5 23. cxb5 Rxc1 24. Nxc1 axb5 25. Bxe5 b4 26. Bxf6 Rxe1+ 27. Qxe1 Bxf6 28. Qxb4 Bb2 29. Nd3 Qxa2 30. Nxb2 Qxb2 31. Qc4 Qb1+ 32. Kg2 Qa2 33. Qc8+ Kg7 34. Qc3+ Kg8 35. b4 Qd5+ 36. Kh2 h5 37. h4 Qa2 38. Qc5 Qa3 39. Qd4 Qa6 40. Qd5 Qa7 41. Kg2 Qb6 42. b5 Qa5 43. Qc6 Qa4 44. Qd5 Qa5 45. Qc6 Qa4 46. Qe8+ Kg7 47. Qe5+ Kg8 48. Kh2 Qa5 49. Qc5 Kg7 50. Qd4+ Kh7 51. b6 Qb5 52. Qf6 Qb3 53. Qc6 Qb2 54. Kg2 Qb3 55. b7 Qb1 56. Qd5 Kg7 57. Qe5+ 1-0

[Event "FRA-chT Top 12 (Women)"]
[Site "Mulhouse"]
[Date "2014.05.10"]
[Round "2.3"]
[White "Choisy, Mathilde"]
[Black "Hamdouchi, Adina Maria"]
[Result "0-1"]
[WhiteElo "2144"]
[BlackElo "2176"]
[PlyCount "106"]
[EventDate "2014.05.09"]
[EventType "team-tourn"]
[EventRounds "5"]
[EventCountry "FRA"]
[SourceTitle "CBM 160 Extra"]
[Source "ChessBase"]
[SourceDate "2014.07.01"]
[SourceVersion "1"]
[SourceVersionDate "2014.07.01"]
[SourceQuality "1"]
[WhiteTeam "Mulhouse Philidor (W)"]
[BlackTeam "Montpellier (W)"]
[WhiteTeamCountry "FRA"]
[BlackTeamCountry "FRA"]

1. e4 d5 2. exd5 Qxd5 3. Nc3 Qd6 4. d4 Nf6 5. Nf3 g6 6. Nb5 Qb6 7. c4 c6 8. Nc3 Bg7 9. Be2 0-0 10. 0-0 Bg4 11. c5 Qc7 12. Be3 Nbd7 13. h3 Bxf3 14. Bxf3 Rad8 15. Qb3 Rfe8 16. Be2 e6 17. Rfd1 Nd5 18. Bg5 N7f6 19. Bf3 Rd7 20. Bh4 Nf4 21. Bg3 Red8 22. Qa4 g5 23. Qxa7 Rxd4 24. Rxd4 Rxd4 25. a4 Bf8 26. a5 Rb4 27. Na4 Qe5 28. a6 bxa6 29. Qxa6 Bxc5 30. Nxc5 Qxc5 31. Qc8+ Kg7 32. Ra8 Rxb2 33. Qh8+ Kg6 34. h4 Ne2+ 35. Kh2 Nxg3 36. fxg3 gxh4 37. Rg8+ Nxg8 38. Qxb2 hxg3+ 39. Kxg3 Nh6 40. Qb1+ Nf5+ 41. Kh3 h5 42. Qb8 Qe3 43. Qg8+ Ng7 44. Kh2 Qf4+ 45. Kg1 Qe3+ 46. Kh2 Qe5+ 47. Kh1 c5 48. Qa8 h4 49. Be4+ f5 50. Bf3 c4 51. Qd8 Qe1+ 52. Kh2 c3 53. Qd3 Qd2 0-1